00335nam a22001217a 4500003000400000020001800004082001800022100002100040245003000061260007500091300001200166650003500178SGT a9780323261142 a617.525bT13D aDavid S Precious aTrauma and Reconstruction aPhiladelphia, United StatesbElsevier - Health Sciences Divisionc2013 a537-721 aOral and Maxillofacial Surgery